00658 2200241 4500001002100000005001500021035002000036007000300056008004100059020002200100082001000122084001700132100002000149245008900169250001000258260002700268300003600295650002300331700002000354700001800374990001200392990001200404INLIS00000000000149620180208022612 a0010-0218000091ta180208 g 0 ind  a978-979-91-0555-4 a155.4 a155.4 KAP a0 aKAPOOR, Pradeep1 aAnakku Juara /cPradeep Kapoor; penerjemah, Ayu Pujiastuti; penyunting, Ratna Dyah W acet.1 aJakarta :bGAIA,c2013 axiii, 287 hlm :bilus. ;c20 cm aANAK. PERKEMBANGAN0 aAYU, Pujiastuti0 aRATNA, Dyah W a16395 a a16395 b